Indian Economy Since 1991 (Record no. 130865)

MARC details
000 -LEADER
fixed length control field 00477nam a2200169Ia 4500
008 - FIXED-LENGTH DATA ELEMENTS--GENERAL INFORMATION
fixed length control field 230312s9999 xx 000 0 und d
041 ## - LANGUAGE CODE
Language code of text/sound track or separate title eng
082 ## - DEWEY DECIMAL CLASSIFICATION NUMBER
Classification number 330.954
Item number 330.954 PRA
100 ## - MAIN ENTRY--PERSONAL NAME
Personal name Prakash B.A. (Editor)
9 (RLIN) 170211
245 ## - TITLE STATEMENT
Title Indian Economy Since 1991
Remainder of title Economic Performs And Performance
260 ## - PUBLICATION, DISTRIBUTION, ETC. (IMPRINT)
Date of publication, distribution, etc. 2009
Name of publisher, distributor, etc. Pearson Education
300 ## - PHYSICAL DESCRIPTION
Extent 598
365 ## - TRADE PRICE
Currency code Rs.
Price amount 450.00
710 ## - ADDED ENTRY--CORPORATE NAME
Corporate name or jurisdiction name as entry element Prakash B.A. (Editor)
9 (RLIN) 170212
906 ## - LOCAL DATA ELEMENT F, LDF (RLIN)
b 990

No items available.